000 00392nam a2200157Ia 4500
008 210716s2004 xx 000 0 und d
020 _a9788131500439
041 _aeng
082 _a621.395 ROTC
100 _aRoth, Charles H.
245 _aFundamentals of logic design.
250 _a5
260 _aNew Delhi
_bCengage Learning
_c2004
300 _axxi,687
650 _aDigital Systems
999 _c193060
_d193060